00257nam a2200109Ia 4500008004100000041000800041082002100049100001600070245002700086260002500113300000900138230411s9999 xx 000 0 und d aeng aX/891/JOS/B00242 aJoshi Suhas aVyayam Kara Ajar Palva bPhadkeaMumbaic1999 a111p